Rain or shine, satellite monitors European farms (Record no. 72586)
[ view plain ]
| 000 -LEADER | |
|---|---|
| fixed length control field | 01404cam a2200253 4500 |
| 001 - CONTROL NUMBER | |
| control field | ABS66606 |
| 008 - FIXED-LENGTH DATA ELEMENTS--GENERAL INFORMATION | |
| fixed length control field | 030430n2003 000 0 eng u |
| 035 ## - SYSTEM CONTROL NUMBER | |
| System control number | (Sirsi) u122142 |
| 100 ## - MAIN ENTRY--PERSONAL NAME | |
| Personal name | Cramp, B. |
| 245 ## - TITLE STATEMENT | |
| Title | Rain or shine, satellite monitors European farms |
| 260 ## - PUBLICATION, DISTRIBUTION, ETC. | |
| Date of publication, distribution, etc. | 2003 |
| 490 ## - SERIES STATEMENT | |
| Series statement | Geo Informatics |
| Volume/sequential designation | (6) March 2003, 10-12(3) |
| 520 ## - SUMMARY, ETC. | |
| Summary, etc. | For many years Earth-observation (EO) satellite technology has been used to classify and monitor crops. The EU utilizes this technology extensively to control some components of its agricultural subsidy program, the European Agriculture Guidance and Guarantee Fund (EAGGF). EAGGF is part of the EU's Common Agricultural Policy. Article examines the application of synthetic aperture radar (SAR) satellite imaging, highlighting the benefits of SAR satellites such as RADARSAT-1 over other EO satellites. Advantages include guaranteed data acquisition and enhanced crop identification. Also looks at the value of SAR images during the foot-and-mouth epidemic and the role of SAR in the future of the EAGGF. [Partly taken from journal abstract]. |
| 590 ## - LOCAL NOTE (RLIN) | |
| Local note | ABS |
| 650 ## - SUBJECT ADDED ENTRY--TOPICAL TERM | |
| Topical term or geographic name entry element | COMMON AGRICULTURAL POLICY |
| 650 ## - SUBJECT ADDED ENTRY--TOPICAL TERM | |
| Topical term or geographic name entry element | EUROPEAN AGRICULTURE GUIDANCE AND GUARANTEE FUND |
| 650 ## - SUBJECT ADDED ENTRY--TOPICAL TERM | |
| Topical term or geographic name entry element | FARMING |
| 650 ## - SUBJECT ADDED ENTRY--TOPICAL TERM | |
| Topical term or geographic name entry element | AGRICULTURE |
| 650 ## - SUBJECT ADDED ENTRY--TOPICAL TERM | |
| Topical term or geographic name entry element | SAR SATELLITES |
| 650 ## - SUBJECT ADDED ENTRY--TOPICAL TERM | |
| Topical term or geographic name entry element | EUROPE |
| 650 ## - SUBJECT ADDED ENTRY--TOPICAL TERM | |
| Topical term or geographic name entry element | EO SATELLITES |
| 690 ## - LOCAL SUBJECT ADDED ENTRY--TOPICAL TERM (OCLC, RLIN) | |
| Topical term or geographic name as entry element | Geomatics |
| 9 (RLIN) | 6242 |
| 942 ## - ADDED ENTRY ELEMENTS (KOHA) | |
| Suppress in OPAC | 0 |
| Withdrawn status | Lost status | Source of classification or shelving scheme | Damaged status | Not for loan | Home library | Current library | Shelving location | Date acquired | Total Checkouts | Full call number | Barcode | Date last seen | Copy number | Price effective from | Koha item type |
|---|---|---|---|---|---|---|---|---|---|---|---|---|---|---|---|
| Dewey Decimal Classification | London | London | Journal article | 30/04/2003 | ABS66606 | 122142-1001 | 06/08/2019 | 1 | 06/08/2019 | Journal article |